000 00502nam a2200169 4500
001 110953
003 ES-MaACL
005 20230906185217.0
007 t|
008 061121s1969 sp r ||||1| spa d
100 1 _aOgáyar y Ayllón, Tomás.
_986565
245 1 0 _aSemblanza de Don José Castán Tobeñas /
_cTomás Ogayar y Ayllón.
260 _aMadrid :
_bReus,
_c1969.
300 _a40 p. ;
_c25 cm.
500 _aContiene el retrato del homenajeado.
852 _aES-MaACL
_j2070-F-14
_bR.71626
999 _c110953
_d110953